Advanced Engineering Mathematics / (Record no. 593454)
[ view plain ]
| 000 -LEADER | |
|---|---|
| fixed length control field | 00357nam a22001337a 4500 |
| 020 ## - INTERNATIONAL STANDARD BOOK NUMBER | |
| International Standard Book Number | 978-1-284-24077-1 |
| 082 ## - DEWEY DECIMAL CLASSIFICATION NUMBER | |
| Classification number | 620.0051 |
| Author Mark | ZIL |
| 100 ## - MAIN ENTRY--PERSONAL NAME | |
| Relator code | Zil, Dennis G. |
| 245 ## - TITLE STATEMENT | |
| Title | Advanced Engineering Mathematics / |
| Statement of responsibility, etc. | Dennis G. Zil |
| 250 ## - EDITION STATEMENT | |
| Edition statement | 7th e |
| 260 ## - PUBLICATION, DISTRIBUTION, ETC. | |
| Place of publication, distribution, etc. | Burlington : |
| Name of publisher, distributor, etc. | Jones & Bartlett Learning ; |
| Date of publication, distribution, etc. | 2022. |
| 300 ## - PHYSICAL DESCRIPTION | |
| Extent | xiv : 954p. |
| 942 ## - ADDED ENTRY ELEMENTS (KOHA) | |
| Source of classification or shelving scheme | |
| Koha item type | Book |
| Withdrawn status | Lost status | Source of classification or shelving scheme | Damaged status | Not for loan | Permanent Location | Current Location | Shelving location | Date acquired | Full call number | Barcode | Date last seen | Price effective from | Koha item type |
|---|---|---|---|---|---|---|---|---|---|---|---|---|---|
| School of Mechanical & Manufacturing Engineering (SMME) | School of Mechanical & Manufacturing Engineering (SMME) | Aerospace Engineering | 02/27/2023 | 620.0051 ZIL | SMME-3863 | 02/27/2023 | 02/27/2023 | Book |
